| 000 | 00927nam a2200289Ia 4500 | ||
|---|---|---|---|
| 001 | Z_1893 | ||
| 003 | CHAP | ||
| 008 | 220113s1996 xx 000 0 und d | ||
| 010 | _a164987 | ||
| 040 | _cCHAP | ||
| 090 | _aTesis D 1106 | ||
| 100 |
_aDíaz Cruz, Francisco Ricardo _933425 |
||
| 245 |
_aEfecto de la implantación con anabólicos sobre el comportamiento y características de la canal en ovinos / _cpor Francisco Ricardo Díaz Cruz |
||
| 260 |
_aChapingo, Méx. : _bEl autor, _c1996 |
||
| 300 | _a89 h. | ||
| 502 | _aTesis (Ing. Agr. Esp. en Zootecnia) -- UACH. Departamento de Zootecnia | ||
| 650 |
_aCarne de borrego en canal _919123 |
||
| 650 |
_aGanado lanar _xCrecimiento _945166 |
||
| 650 |
_aGanado lanar _xEngorda _945175 |
||
| 650 |
_aHormonas _xEfecto en animales domésticos _956236 |
||
| 901 | _aTESIS D 1106 | ||
| 902 | _aM | ||
| 910 | _a1996 | ||
| 942 | _c2 | ||
| 942 | _c2 | ||
| 999 |
_c164987 _d164987 |
||